02134cam a22004694i 4500003000900000005001700009008004100026035001700067040003300084049000900117082002100126100003300147245011600180264008900296300004400385336002100429337002500450338002300475504002400498505042900522526001000951526001000961526001000971526001000981526000800991526000800999526000801007526000801015526000801023526000801031526000801039650005201047650001401099910001801113942001401131949013401145994001401279596000601293999015401299980005501453952015601508PE-LiUPU20250731173439.0150616s r 000 0 d a(Sirsi) a562 aPE-LiUPUbspacPE-LiUPUerda aPRUA04a289.309bH562211 aHinckley, Gordon B.,eautor.10aWhat of the mormons?: a short history of the church of Jesus Christ of latter-day saints /cGordon B. Hinckley. 1aUnited States of America :bThe church of Jesus Christ of latter-day saints,c1947]. a230 páginas :bilustraciones ;c23 cm atext2rdacontent aunmediated2rdamedia avolume2rdacarrier aNota Bibliografica.0 aThe question -- Who are they? -- What do they believe? -- What is their program? -- What is their organization? -- Génesis -- An angel and a book -- The power of god among men -- The church organized -- Mormonism in ohio -- The church in Missouri -- Nauvoo, the beautiful -- The martyrs -- Exodus -- To the promised land -- Pioneering the wilderness -- Years of conflict -- Years of endurance -- The sunshine of good will. aSEG42 aSEG41 aSEG40 aSEG39 aP94 aP87 aP86 aP85 aP77 aP76 aP3504aRevista de la nueva era(Salt Lake City, Utah) .04aMormones. ajckbjvqcjck 2ddccBOOK a289.309 H56wDEWEYc1i07191lCCODEBUL1mBULp00.00r0sYtBOOKu19921018xTEOLOGIAzUNKNOWN0COMPRAo.STAFF. Colección General aC0bPEPRU a1 a289.309 H56wDEWEYc56668i07191f2021-11-12g5lCCODEBUL1mBULr0sYtBOOKu2015-6-16xTEOLOGIAzUNKNOWN0COMPRAo.STAFF. Colección Generald56668 81gALBERTO SANCHEZ Responsable de Automatización r2025-12-02 00:00:00i6l0o289.309 H56p07191te1w2015-06-16xPGyBKzinventario-2023-12-13102ddc50708GENfP94aBULbBULcGENd2015-06-16eCOMPRA